000 00776cab a22001935a 4500
001 L142966
008 090325e20090320xxkad f s 000 0 eng d
035 _a(Sirsi) u142966
041 0 _aeng
100 1 _aSandher, Hardeep
245 0 0 _aRegional
_bSurrey
260 _c2009
490 _aProperty Week
_v73(12) 20 March 2009, 63-69(5)
520 _aReports on news and deals from around the region. Reports that the region's towns are competing to attract retailers because of delays to new developments and a surplus of empty premises. Predicts that although the region is in a prime location, the office market will feel the impact of the recession.
590 _aKA
651 4 _aSurrey
690 _aPROPERTY-PROPERTY MARKET-COMMERCIAL PROPERTY MARKET
942 _n0
999 _c79994
_d79994